Statistics for "Hello" in international languages

Click here to take the quiz!

General Stats

  • This quiz has been taken 18 times
  • The average score is 10 of 11

Answer Stats

greeting language % Correct
HelloEnglish
100%
Nǐ hǎoChinese
100%
HolaSpanish
100%
Kon'nichiwaJapanese
100%
BonjourFrench
100%
HalloGerman
100%
PrivetRussian
94%
OláPortuguese
94%
MarhabaanArabic
81%
MerhabaTurkish
69%
BarevArmenian
19%

Score Distribution

Percentile by Number Answered

Percent of People with Each Score

Your Score History

You have not taken this quiz